000 00946nam a2200289 4500
003 OSt
005 20260530115323.0
008 260520b1969 mx a|||| |||| 00| 0 spa d
040 _aICI
_bspa
_cICI
041 _aspa
050 _aNA680
_bF75 1969
100 1 _eautor
245 _aLa arquitectura móvil /
_cYona Friedman
264 1 _aBuenos Aires :
_bNueva Visión,
_c1969
300 _a31 páginas :
_bilustraciones
336 _2rdacontent
_atexto
337 _2rdamedia
_asin medio
338 _2rdacarrier
_avolumen
490 1 _aCuadernos Summa - Nueva Visión ;
_v1. Serie, El diseño del entorno humano
500 _aObra sobre propuestas de arquitectura móvil y urbanismo experimental
650 0 _aArquitectura experimental
_934743
650 0 _aArquitectura móvil
_934744
650 0 _aUrbanismo
_xAspectos sociales
650 0 _aVivienda flexible
_934746
650 0 _aArquitectura moderna
_ySiglo XX
942 _2lcc
_n1
_cBK
999 _c13885
_d13885